000 00398 a2200169 4500
001 45321
020 _a9788537713648
040 _cAnchieta - Aquarius
100 _aSouza, Shirley
240 1 0 _aMeu ambiente começa aqui!
_lpor
245 1 0 _aMeu ambiente começa aqui!
300 _a48
362 0 _a2010
440 1 _aEscala Educacional
650 4 _aLiteratura infanto-juvenil
942 _cBK
999 _c45321
_d45321